Indigent health care update.

Bibliographic Details
Corporate Author: Texas. Indigent Health Care Program
Format: Government Document Journal
Language:Spanish
Published: Austin, Tex. : Indigent Health Care Program, Texas Dept. of Health.
Subjects:

MARC

Tag First Indicator Second Indicator Subfields
LEADER 00000cas a2200000 a 4500
001 in00001403942
005 20151020054245.0
008 971118c199u9999txuuu p s0 0spa d
035 |a (OCoLC)37964188 
035 |9 AHN0914AM 
040 |a IKM  |c IKM  |d TXA  |d UtOrBLW 
049 |a TXAO 
086 |a H600.6 IN2HE  |2 txdocs 
245 0 0 |a Indigent health care update. 
264 1 |a Austin, Tex. :  |b Indigent Health Care Program, Texas Dept. of Health. 
300 |a volumes ;  |c 22 x 10 cm. 
336 |a text  |b txt  |2 rdacontent 
337 |a unmediated  |b n  |2 rdamedia 
338 |a volume  |b nc  |2 rdacarrier 
500 |a Description based on: Fall 1997; title from cover. 
650 0 |a Poor  |x Medical care  |z Texas  |x Periodicals. 
650 0 |a Public welfare  |x Law and legislation  |z Texas  |x Periodicals. 
610 1 0 |a Texas.  |b Indigent Health Care Program  |x Periodicals. 
650 0 |a Poor  |x Medical care  |x Law and legislation  |z Texas  |x Periodicals. 
710 1 |a Texas.  |b Indigent Health Care Program. 
999 |a MARS 
999 f f |s e37428f9-378b-3385-bd34-d3adb3956c02  |i 5f64b60a-dd4e-3919-b24b-e089ace709db  |t 0 
952 f f |p serial  |a Texas A&M University  |b College Station  |c Sterling C. Evans Library  |d Evans: Texas Documents (Annex 5th floor)  |t 0  |e H600.6 IN2HE  |h Superintendent of Documents classification  |i unmediated -- volume  |l 1997:fall-1998:summer  |m A14822997343 
998 f f |a H600.6 IN2HE  |s 1997:fall-1998:summer  |t 0  |l Evans: Texas Documents (Annex 5th floor)